| 000 | 01282nam a2200193 4500 | ||
|---|---|---|---|
| 999 |
_c63795 _d63795 |
||
| 003 | Ge_BSU | ||
| 005 | 20260114211056.0 | ||
| 008 | 260114s1969 ge ||||| |||| 00| 0 geo d | ||
| 041 | _ageo | ||
| 080 | _a330.1(082) ვ-27 | ||
| 100 |
_aვახანია, ნ. _926685 |
||
| 245 |
_aChrestvmathie der Politischen okonomie : _bპოლიტიკური ეკონომიის ქრესტომათია. [გერმანული ენის შემსწავლელთათვის] / _cშემდგ. ვახანია, ნ. ; საქ. სსრ უმაღლ. და საშ. სპეც. განათლ. სამინისტროს სამეცნ-მეთოდ. კაბინეტი. |
||
| 264 |
_aთბ. : _bთბილ. უნ-ტის გამ-ბა, _c1969. |
||
| 300 |
_a41გვ. ; _b20სმ. |
||
| 653 | _aპოლიტიკური ეკონომია | ||
| 653 | _aგერმანული ენის ქრესტომათიები | ||
| 710 |
_aსაქ. სსრ უმაღლ. და საშ. სპეც. განათლ. _b სამინისტროს სამეცნ-მეთოდ. კაბინეტი _926686 |
||
| 942 |
_2udc _cᲬᲘᲒᲜᲘ |
||